000 00904nam a22002897a 4500
003 CHAP
005 20220329141554.0
008 971013s1980 r 00010 d
010 _a70344
011 _a71316
035 _a80870
040 _cCHAP
090 _aFolleto 7607
100 0 0 _aCaetano Lacuesta, Gerónimo J.
_917077
245 _aPraderas mejoradas permanentes y su correcto manejo
260 _aChapingo, Méx. :
_bDirección General de Producción y Extensión Agrícola,
_c1980
300 _a24 p.
590 _aBATCH-UPD
_b10
_c20130110
_lUCH01
_h0616
590 _aBATCH-UPD
_b10
_c20130410
_lUCH01
_h0258
590 _aBATCH-UPD
_b10
_c20130914
_lUCH01
_h0806
590 _aCONVERSION
_b10
_c20130109
_lUCH01
_h1339
650 1 4 _aPlantas forrajeras.
_988943
650 1 4 _aPraderas.
_991230
901 _aBK
942 _cFOLL
949 _aFolleto 7607
_bBC
_cFOLL
_d-33874
_eTS1
_i80870
_si
999 _c70344
_d70344